Les meilleurs buteurs de Paris depuis 2010 - Statistiques

Statistiques générales
  • Ce quiz a été pris 593 fois
    521 depuis la dernière actualisation
  • Le résultat moyen est 16 sur 26
Statistiques - réponses
Joueur Buts % Correct
Kylian Mbappé 90
100%
Edinson Cavani 200
99%
Zlatan Ibrahimovic 156
99%
Neymar Jr 70
96%
Angel Di Maria 81
91%
Thiago Silva 17
89%
Marquinhos 25
84%
Javier Pastore 45
73%
Ezequiel Lavezzi 35
71%
Blaise Matuidi 33
70%
Thiago Motta 12
68%
Lucas Moura 46
67%
Mauro Icardi 20
61%
Julian Draxler 20
58%
Maxwell 13
58%
Guillaume Hoarau 28
56%
Layvin Kurzawa 13
51%
Luis Nene 48
50%
Adrien Rabiot 24
49%
Jérémy Menez 19
41%
Kevin Gameiro 23
41%
Thomas Meunier 13
40%
Pablo Sarabia 14
33%
Christopher Nkunku 11
29%
Mevlut Erding 11
25%
Mathieu Bodmer 13
11%
Aucun quiz correspondant
Distribution des résultats
% des personnes avec chaque résultat
Percentile par nombre de réponses
Votre historique - résultats
Vous n’avez pas pris ce quiz depuis la dernière actualisation